000 00295nam a2200097Ia 4500
008 220204s9999 xx 000 0 und d
082 _aNR:33ENQ(047)1956
_bREP;1
245 0 _aReport of the plantation inquiry commission. Pt 3. Rubber
260 _aDelhi
_bManager of Publications
_c1956
942 _cBK
999 _c20220
_d20220